| 000 | 00333nam a2200133Ia 4500 | ||
|---|---|---|---|
| 100 | _aSchilling/Robert J/ Harris/S.L | ||
| 942 | _cBK | ||
| 654 | _amatlab | ||
| 245 | _aApplied Numerical Methods for engineers using MATLAB and c | ||
| 260 |
_bThomsan Learning _c2000 |
||
| 082 |
_a620.0015 _bSCH |
||
| 300 | _a715 | ||
| 546 | _aENGLISH | ||
| 999 |
_c24323 _d24323 |
||